Регионална библиотека "Любен Каравелов" - Русе

Трагедия и бъдеще на социализма (Запис номер 64131)

MARC детайли
000 -Лидер
Контролно поле с фиксирана дължина 01761nam a2200409 c 4500
003 - Код на организацията, давaща контролен номер
Контролно поле BLK
005 - Дата и час на последна редакция
Контролно поле 20180420223249.0
008 - Елементи от данни с фиксирана дължина
fixed length control field 180408b bul|||||r ||||||| ||bul||
010 ## - Наследен системен номер
LC control number KNG00068396000
020 ## - Международен стандартен номер на книга ISBN
Международен стандартен номер на книга ISBN 954-9998-06-1
-- издат.: Радар-Принт
040 ## - Източник на каталожния запис
Идентификатор на билиотеката - собственик на записа BLK
041 ## - Код за език
Код за езика на текст/звукозапис или на отделно заглавие Български
Код за езика КДБФ Български
080 ## - УДК
Текстов определител УДК
УДК код - определител по УДК 316.323.6/.7
УДК определител
УДК - код + определител 316.323.6/.7
080 ## - УДК
Текстов определител УДК Социалистическа демокрация. Диктатура на пролетариата. Съветска форма на социалистическа държава. Народна демокрация
УДК код - определител по УДК 321.74
УДК определител (497.2)(091)
УДК - код + определител 321.74(497.2)(091)
080 ## - УДК
Текстов определител УДК Марксистко-ленинско икономическо учение. Вж и 141.8
УДК код - определител по УДК 330.85
УДК определител
УДК - код + определител 330.85
100 1# - Редна дума - Автор
Автор Мизов, Николай Михайлов
Авторска отговорност първи автор
R(LIN) 269825
139 ## - Редно поле
Редна дума Мизов, Николай Михайлов
Авторски знак Ми - М 53
245 10 - Сведения за заглавието
Заглавие Трагедия и бъдеще на социализма
Редно поле (дума) Николай Михайлов Мизов.
257 ## - Страна на издаване
Страна на създаване/издаване България
260 ## - Област на издателските данни
-- София
Име на издателя, разпространителя и проч. Радар-Принт
Година на издаване 2000
300 ## - Физическа характеристика
Страници 584 с.
Размери/Мащаб 21 см
380 ## - Жанр
Жанр Обществени науки
500 ## - Общи забележки
Забележка Офс. изд.
650 #4 - Допълнително описание по предмет – тема
Основно описание – тема или топоним Социализъм
9 (RLIN) 171390
650 #4 - Допълнително описание по предмет – тема
Основно описание – тема или топоним Капитализъм
9 (RLIN) 158227
650 #4 - Допълнително описание по предмет – тема
Основно описание – тема или топоним България - обществено устройство и обществени отношения
9 (RLIN) 263904
653 ## - Ключова дума – ненормативна
Ключова дума социализъм
653 ## - Ключова дума – ненормативна
Ключова дума капитализъм
653 ## - Ключова дума – ненормативна
Ключова дума обществени отношения
653 ## - Ключова дума – ненормативна
Ключова дума обществено устройство
653 ## - Ключова дума – ненормативна
Ключова дума България
852 ## - Местоположение
Форматна сигнатура Цб 229386
856 4# - Електронен адрес и достъп
Електронен формат pdf - файл
Път до файла /url/
856 4# - Електронен адрес и достъп
Електронен формат pdf - файл
Път до файла /url/
942 ## - АРТИКУЛИ
Вид на библиотечния материал Книги
Скрит в OPAC Не
944 ## - СЪЗДАВАНЕ И РЕДАКЦИЯ на ЗАПИСА
Създаване/Редакция Създаване
Дата на регистрацията/редакция 04.10.2006
Служител, извършил регистрацията/редакцията Людмила_Стоянова
944 ## - СЪЗДАВАНЕ И РЕДАКЦИЯ на ЗАПИСА
Създаване/Редакция Редакция
Дата на регистрацията/редакция 13.10.2006
Служител, извършил регистрацията/редакцията
999 ## - СИСТЕМНИ КОНТРОЛНИ НОМЕРА
Koha biblionumber 64131
Koha biblioitemnumber 64131
Наличности
Код за отписване Код за изгубен артикул Код за повреда Коз за рестрикции Код за отдаване Артикулен № Име на библиотеката - собственик Име на библиотеката, в която се намира в момента Статус (Текущо местоположение) Дата на вписване в системата Местоположение - отдел Цена в лева Инвентарен номер Систематично азбучна сигнатура Баркод Номер на екземпляра Цена в евро Служебна бележка Служебен тип на артикула
  Не е изгубен Не е повреден без рестрикции ползва се в читалня 106210 Регионална библиотека "Любен Каравелов" Русе Регионална библиотека "Любен Каравелов" Русе Хранилище 2006-10-04 Хранилище 0.00 120000705606 Цб 229386 120000705606 1 0.00 Дост: Dp Вид: Д N: 42 Дата: 05.10.2005 Книги
Vip Innovations Ltd, Rousse, Bulgaria 2025